Mediciónes y propuestas para arquitectos e ingenieros de edificación.
| Main Author: | |
|---|---|
| Format: | Section = Libro |
| Language: | Undetermined Spanish |
| Published: |
Barcelona
Reverté
2010
|
| Edition: | 2a.ed. |
| Subjects: |
| LEADER | 00654nam a2200217Ia 4500 | ||
|---|---|---|---|
| 008 | 240829s9999 xx 000 0 und d | ||
| 020 | |a 978-84-291-3201 | ||
| 040 | |a BIBLIOTECA-RUSB/ 692.5 V144 | ||
| 041 | |a spa | ||
| 082 | |a 692.5 V144 | ||
| 100 | 1 | |a Valderrama, Fernándo | |
| 245 | 1 | 0 | |a Mediciónes y propuestas para arquitectos e ingenieros de edificación. |
| 250 | |a 2a.ed. | ||
| 260 | |a Barcelona |b Reverté |c 2010 | ||
| 300 | |a 381 p. :il. | ||
| 650 | 7 | |a COSTRUCCION - PRESUPUESTOS | |
| 650 | 7 | |b ARQUITECTURA - DISEÑOS Y PLANOS - PRESUPUESTOS Y COSTOS | |
| 650 | 7 | |c PLANIFICACION DE PROYECTOS | |
| 942 | |c BK |2 ddc | ||
| 991 | |a TEXTO | ||
| 999 | |c 4554 | ||